[Event "Wattens op 12th"]
[Site "Wattens"]
[Date "1997.??.??"]
[Round "?"]
[White "Schmied, Roman"]
[Black "Ungureanu, Emil"]
[Result "1/2-1/2"]
[WhiteElo "1965"]
[BlackElo "2330"]
[PlyCount "67"]
[EventDate "1997.??.??"]
[EventType "swiss"]
[EventRounds "9"]
[EventCountry "AUT"]
[SourceTitle "EXT 2000"]
[Source "ChessBase"]
[SourceDate "1999.11.16"]
[SourceVersion "1"]
[SourceVersionDate "1999.11.16"]
[SourceQuality "1"]

1. d4 c5 2. e3 Nf6 3. Nf3 e6 4. c4 Be7 5. Nc3 0-0 6. Be2 b6 7. 0-0 Bb7 8. b3 d6 9. Bb2 Nbd7 10. Rc1 a6 11. Qc2 Rc8 12. Qb1 Qc7 13. Rfd1 Rfd8 14. h3 Qb8 15. d5 e5 16. a4 Rf8 17. Nd2 Qc7 18. Qd3 Ne8 19. Bg4 g6 20. Bxd7 Qxd7 21. f4 f6 22. Rf1 Ng7 23. fxe5 fxe5 24. e4 Rxf1+ 25. Rxf1 Rf8 26. Rxf8+ Bxf8 27. Ne2 Bc8 28. Bc1 Ne8 29. Nf1 Nc7 30. Nc3 Qe8 31. Bd2 Bd7 32. Ng3 b5 33. axb5 axb5 34. Qe2 1/2-1/2

[Event "Wattens op 12th"]
[Site "Wattens"]
[Date "1997.??.??"]
[Round "?"]
[White "Ungureanu, Emil"]
[Black "Fuerlinger, Harald"]
[Result "0-1"]
[WhiteElo "2330"]
[BlackElo "2045"]
[PlyCount "70"]
[EventDate "1997.??.??"]
[EventType "swiss"]
[EventRounds "9"]
[EventCountry "AUT"]
[SourceTitle "EXT 2000"]
[Source "ChessBase"]
[SourceDate "1999.11.16"]
[SourceVersion "1"]
[SourceVersionDate "1999.11.16"]
[SourceQuality "1"]

1. d4 d5 2. c4 e6 3. Nf3 Nf6 4. Nc3 Be7 5. Bf4 0-0 6. e3 b6 7. Rc1 dxc4 8. Bxc4 Bb7 9. 0-0 Nbd7 10. Nb5 c5 11. Bc7 Qc8 12. Bg3 Ne4 13. Bf4 a6 14. Nc3 Nxc3 15. Rxc3 b5 16. Bd3 Qd8 17. dxc5 Nxc5 18. Bb1 Qxd1 19. Rxd1 Rfd8 20. Rdc1 b4 21. Rc4 Bd5 22. Rd4 Bxf3 23. gxf3 Rxd4 24. exd4 Na4 25. b3 Nc3 26. Bd3 a5 27. a4 Rd8 28. Bf1 Rxd4 29. Be5 Rd2 30. Bxc3 bxc3 31. Rxc3 g6 32. Rc6 Bh4 33. Ra6 Bxf2+ 34. Kh1 Rd1 35. Kg2 Be1 0-1